000 00557nam a2200217Ia 4500
008 160404s9999 xx 000 0 und d
020 _a971-91-432-4-X
050 _aFIL HG 4026
050 _b.M57 2002 c.3
100 _aMiranda, Gregorio S.
245 _aElements of business finance /
245 _cGregorio S. Miranda.
250 _aUpdated Edition
260 _aLaguna:
260 _bL and G Business House,
260 _c2002
300 _a381 pages :
300 _billustrations ;
300 _c22 cm.
650 _aBusiness -- Finance.
999 _c293273
_d293273